[Event "Benidorm Satellite preliminary"]
[Site "playchess.com #007036"]
[Date "2009.10.24"]
[Round "3"]
[White "Bobby Short"]
[Black "Pfleger"]
[Result "0-1"]
[WhiteElo "1414"]
[BlackElo "1687"]
[PlyCount "96"]
[EventDate "2009.10.24"]
[EventType "swiss (blitz)"]

1. d4 {[%emt 0:00:02]} Nf6 {[%emt 0:00:02]} 2. c4 {[%emt 0:00:02]} e5 {[%emt 0:
00:05]} 3. d5 {[%emt 0:00:02]} Bc5 {[%emt 0:00:02]} 4. Nc3 {[%emt 0:00:04]} d6
{[%emt 0:00:03]} 5. a3 {[%emt 0:00:02]} a5 {[%emt 0:00:01]} 6. e4 {[%emt 0:00:
03]} Bg4 {[%emt 0:00:03]} 7. Nf3 {[%emt 0:00:14]} O-O {[%emt 0:00:05]} 8. Be2 {
[%emt 0:00:01]} Nbd7 {[%emt 0:00:01]} 9. h3 {[%emt 0:00:01]} Bh5 {[%emt 0:00:
02]} 10. O-O {[%emt 0:00:00]} h6 {[%emt 0:00:01]} 11. Nh4 {[%emt 0:00:13]} Bg6
{[%emt 0:00:20]} 12. Nxg6 {[%emt 0:00:02]} fxg6 {[%emt 0:00:01]} 13. Kh1 {
[%emt 0:00:15]} Nh7 {[%emt 0:00:19]} 14. Bg4 {[%emt 0:00:02]} Qe7 {[%emt 0:00:
15]} 15. Be6+ {[%emt 0:00:02]} Kh8 {[%emt 0:00:01]} 16. Qg4 {[%emt 0:00:04]}
Ndf6 {[%emt 0:00:02]} 17. Qxg6 {[%emt 0:00:04]} Qe8 {[%emt 0:00:10]} 18. Qg3 {
[%emt 0:00:10]} Ng5 {[%emt 0:00:04]} 19. Bxg5 {[%emt 0:00:08]} hxg5 {[%emt 0:
00:03]} 20. Qxg5 {[%emt 0:00:01]} Qh5 {[%emt 0:00:02]} 21. Qd2 {[%emt 0:00:10]}
Qh4 {[%emt 0:00:09]} 22. f4 {[%emt 0:00:08]} Nh5 {[%emt 0:00:05]} 23. Ne2 {
[%emt 0:00:23]} exf4 {[%emt 0:00:15]} 24. Nxf4 {[%emt 0:00:06]} Nxf4 {[%emt 0:
00:32]} 25. g3 {[%emt 0:00:06]} Qxg3 {[%emt 0:00:03]} 26. Rg1 {[%emt 0:00:12]}
Qf3+ {[%emt 0:00:15]} 27. Kh2 {[%emt 0:00:04]} Bxg1+ {[%emt 0:00:04]} 28. Rxg1
{[%emt 0:00:02]} Nxe6 {[%emt 0:00:01]} 29. dxe6 {[%emt 0:00:09]} Qxe4 {[%emt 0:
00:01]} 30. Qg5 {[%emt 0:00:06]} Qe5+ {[%emt 0:00:03]} 31. Qg3 {[%emt 0:00:16]}
Qxg3+ {[%emt 0:00:11]} 32. Rxg3 {[%emt 0:00:05]} Rf6 {[%emt 0:00:01]} 33. e7 {
[%emt 0:00:03]} Re8 {[%emt 0:00:02]} 34. Re3 {[%emt 0:00:01]} Rf7 {[%emt 0:00:
01]} 35. b4 {[%emt 0:00:02]} axb4 {[%emt 0:00:02]} 36. axb4 {[%emt 0:00:01]}
Rfxe7 {[%emt 0:00:00]} 37. Rc3 {[%emt 0:00:05]} Re3 {[%emt 0:00:03]} 38. Rc2 {
[%emt 0:00:05]} Re2+ {[%emt 0:00:01]} 39. Rxe2 {[%emt 0:00:03]} Rxe2+ {[%emt 0:
00:01]} 40. Kg3 {[%emt 0:00:00]} Rc2 {[%emt 0:00:02]} 41. c5 {[%emt 0:00:02]}
dxc5 {[%emt 0:00:02]} 42. bxc5 {[%emt 0:00:01]} Rxc5 {[%emt 0:00:01]} 43. Kf4 {
[%emt 0:00:00]} Rc3 {[%emt 0:00:01]} 44. h4 {[%emt 0:00:01]} Rc4+ {[%emt 0:00:
01]} 45. Ke5 {[%emt 0:00:00]} Rxh4 {[%emt 0:00:02]} 46. Ke6 {[%emt 0:00:00]} c5
{[%emt 0:00:03]} 47. Kd5 {[%emt 0:00:01]} c4 {[%emt 0:00:01]} 48. Ke6 {[%emt 0:
00:01]} c3 {[%emt 0:00:03] Bobby Short gibt auf  (Lag: Av=0.27s, max=0.9s)} 0-1

[Event "Benidorm Satellite preliminary"]
[Site "playchess.com #007036"]
[Date "2009.10.24"]
[Round "3"]
[White "Juraldo"]
[Black "Thin_white_duke"]
[Result "1-0"]
[WhiteElo "2666"]
[BlackElo "2341"]
[PlyCount "59"]
[EventDate "2009.10.24"]
[EventType "swiss (blitz)"]

1. e4 {[%emt 0:00:02]} c5 {[%emt 0:00:01]} 2. c3 {[%emt 0:00:01]} d5 {[%emt 0:
00:03]} 3. exd5 {[%emt 0:00:01]} Qxd5 {[%emt 0:00:01]} 4. d4 {[%emt 0:00:00]}
Nc6 {[%emt 0:00:01]} 5. Nf3 {[%emt 0:00:07]} Bf5 {[%emt 0:00:01]} 6. Be3 {
[%emt 0:00:23]} cxd4 {[%emt 0:00:03]} 7. cxd4 {[%emt 0:00:02]} e6 {[%emt 0:00:
01]} 8. Nc3 {[%emt 0:00:04]} Bb4 {[%emt 0:00:05]} 9. Be2 {[%emt 0:00:03]} Nf6 {
[%emt 0:00:02]} 10. O-O {[%emt 0:00:01]} Qd8 {[%emt 0:00:01]} 11. Qb3 {[%emt 0:
00:10]} O-O {[%emt 0:00:05]} 12. Ne5 {[%emt 0:00:04]} Bxc3 {[%emt 0:00:06]} 13.
Nxc6 {[%emt 0:00:04]} bxc6 {[%emt 0:00:04]} 14. bxc3 {[%emt 0:00:01]} Nd5 {
[%emt 0:00:13]} 15. Qa3 {[%emt 0:00:20]} Rc8 {[%emt 0:00:17]} 16. Bf3 {[%emt 0:
00:18]} Bd3 {[%emt 0:00:47]} 17. Rfd1 {[%emt 0:00:11]} Bc4 {[%emt 0:00:09]} 18.
Bd2 {[%emt 0:00:31]} c5 {[%emt 0:00:07]} 19. Qxa7 {[%emt 0:00:07]} cxd4 {[%emt
0:00:49]} 20. Qxd4 {[%emt 0:00:11]} Qa5 {[%emt 0:00:01]} 21. a4 {[%emt 0:00:14]
} Rfd8 {[%emt 0:00:03]} 22. Qh4 {[%emt 0:00:03]} h6 {[%emt 0:00:28]} 23. Bxh6 {
[%emt 0:00:36] .} gxh6 {[%emt 0:00:04]} 24. Rd4 {[%emt 0:00:01]} Qxc3 {[%emt 0:
00:05]} 25. Rad1 {[%emt 0:00:02]} Bb3 {[%emt 0:00:03]} 26. Qxh6 {[%emt 0:00:05]
} Qxd4 {[%emt 0:00:06]} 27. Rxd4 {[%emt 0:00:00]} Nf6 {[%emt 0:00:02]} 28.
Rxd8+ {[%emt 0:00:05]} Rxd8 {[%emt 0:00:01]} 29. Qxf6 {[%emt 0:00:00]} Rc8 {
[%emt 0:00:01]} 30. h4 {[%emt 0:00:01] Tiempo} 1-0

[Event "Benidorm Satellite preliminary"]
[Site "playchess.com #007036"]
[Date "2009.10.24"]
[Round "3"]
[White "Planescape"]
[Black "A Menon"]
[Result "1-0"]
[WhiteElo "1703"]
[BlackElo "1522"]
[PlyCount "87"]
[EventDate "2009.10.24"]
[EventType "swiss (blitz)"]

1. e4 {[%emt 0:00:03]} c5 {[%emt 0:00:03]} 2. Nf3 {[%emt 0:00:02]} d6 {[%emt 0:
00:12]} 3. d4 {[%emt 0:00:02]} cxd4 {[%emt 0:00:01]} 4. Nxd4 {[%emt 0:00:01]}
Nf6 {[%emt 0:00:00]} 5. Nc3 {[%emt 0:00:02]} g6 {[%emt 0:00:01]} 6. Be3 {[%emt
0:00:02]} Bg7 {[%emt 0:00:01]} 7. f3 {[%emt 0:00:01]} O-O {[%emt 0:00:03]} 8.
Bc4 {[%emt 0:00:00]} Nc6 {[%emt 0:00:01]} 9. Qd2 {[%emt 0:00:01]} Ne5 {[%emt 0:
00:02]} 10. Bb3 {[%emt 0:00:02]} Bd7 {[%emt 0:00:02]} 11. O-O-O {[%emt 0:00:01]
} a5 {[%emt 0:00:01]} 12. Nd5 {[%emt 0:00:39]} Nxd5 {[%emt 0:00:14]} 13. Bxd5 {
[%emt 0:00:01]} Qc7 {[%emt 0:00:14]} 14. a3 {[%emt 0:00:19]} b5 {[%emt 0:00:06]
} 15. Bxa8 {[%emt 0:00:03]} Rxa8 {[%emt 0:00:05]} 16. h3 {[%emt 0:00:03]} b4 {
[%emt 0:00:07]} 17. f4 {[%emt 0:00:02]} Nc4 {[%emt 0:00:03]} 18. Qd3 {[%emt 0:
00:02]} bxa3 {[%emt 0:00:17]} 19. bxa3 {[%emt 0:00:01]} Nxe3 {[%emt 0:00:04]}
20. Qxe3 {[%emt 0:00:03]} Ba4 {[%emt 0:00:03]} 21. Kd2 {[%emt 0:00:11]} Rc8 {
[%emt 0:00:08]} 22. Rc1 {[%emt 0:00:04]} Qc5 {[%emt 0:00:18]} 23. c3 {[%emt 0:
00:08]} Qxa3 {[%emt 0:00:04]} 24. Ke2 {[%emt 0:00:08]} Bb5+ {[%emt 0:00:07]}
25. Kf3 {[%emt 0:00:01]} Qc5 {[%emt 0:00:13]} 26. Nxb5 {[%emt 0:00:02]} Qxb5 {
[%emt 0:00:04]} 27. h4 {[%emt 0:00:05]} Qc5 {[%emt 0:00:11]} 28. Qxc5 {[%emt 0:
00:02]} Rxc5 {[%emt 0:00:01]} 29. h5 {[%emt 0:00:06]} Rxc3+ {[%emt 0:00:04]}
30. Rxc3 {[%emt 0:00:01]} Bxc3 {[%emt 0:00:00]} 31. hxg6 {[%emt 0:00:03]} hxg6
{[%emt 0:00:01]} 32. Ke2 {[%emt 0:00:02]} a4 {[%emt 0:00:01]} 33. Kd3 {[%emt 0:
00:01]} Bb4 {[%emt 0:00:05]} 34. Kc4 {[%emt 0:00:01]} Bc5 {[%emt 0:00:01]} 35.
e5 {[%emt 0:00:05]} a3 {[%emt 0:00:06]} 36. exd6 {[%emt 0:00:01]} Bxd6 {[%emt
0:00:02]} 37. g3 {[%emt 0:00:06]} Kg7 {[%emt 0:00:03]} 38. Kb3 {[%emt 0:00:05]}
Kf6 {[%emt 0:00:02]} 39. g4 {[%emt 0:00:00]} g5 {[%emt 0:00:05]} 40. fxg5+ {
[%emt 0:00:04]} Kxg5 {[%emt 0:00:02]} 41. Rh7 {[%emt 0:00:00]} f6 {[%emt 0:00:
02]} 42. Rg7+ {[%emt 0:00:01]} Kh6 {[%emt 0:00:01]} 43. Rg8 {[%emt 0:00:01]}
Kh7 {[%emt 0:00:01]} 44. Rd8 {[%emt 0:00:05] Planescape claims flag (automatic)
.} 1-0

[Event "Benidorm Satellite preliminary"]
[Site "playchess.com #007036"]
[Date "2009.10.24"]
[Round "3"]
[White "Musterlukas"]
[Black "Diego Hidalgo"]
[Result "0-1"]
[WhiteElo "1831"]
[BlackElo "1783"]
[PlyCount "62"]
[EventDate "2009.10.24"]
[EventType "swiss (blitz)"]

1. d4 {[%emt 0:00:02]} Nf6 {[%emt 0:00:01]} 2. Nf3 {[%emt 0:00:02]} g6 {[%emt
0:00:01]} 3. c4 {[%emt 0:00:01]} Bg7 {[%emt 0:00:02]} 4. Nc3 {[%emt 0:00:00]}
d5 {[%emt 0:00:01]} 5. Bf4 {[%emt 0:00:03]} O-O {[%emt 0:00:04]} 6. e3 {[%emt
0:00:01]} c5 {[%emt 0:00:10]} 7. cxd5 {[%emt 0:00:02]} Nxd5 {[%emt 0:00:10]} 8.
Nxd5 {[%emt 0:00:01]} Qxd5 {[%emt 0:00:04]} 9. Qb3 {[%emt 0:00:09]} Qxb3 {
[%emt 0:00:26]} 10. axb3 {[%emt 0:00:03]} Nc6 {[%emt 0:00:02]} 11. dxc5 {[%emt
0:00:27]} Bxb2 {[%emt 0:00:20]} 12. Rb1 {[%emt 0:00:02]} Bc3+ {[%emt 0:00:04]}
13. Ke2 {[%emt 0:00:07]} Bf5 {[%emt 0:00:20]} 14. Rc1 {[%emt 0:00:18]} Bb2 {
[%emt 0:00:31]} 15. Rd1 {[%emt 0:00:02]} e5 {[%emt 0:00:10]} 16. Bg3 {[%emt 0:
00:05]} Rad8 {[%emt 0:00:16]} 17. Nh4 {[%emt 0:00:22]} Bc2 {[%emt 0:00:14]} 18.
Rxd8 {[%emt 0:00:07]} Rxd8 {[%emt 0:00:02]} 19. Kf3 {[%emt 0:00:07]} Rd1 {
[%emt 0:00:17]} 20. Ke2 {[%emt 0:00:16]} Bxb3 {[%emt 0:00:17]} 21. f4 {[%emt 0:
00:03]} a5 {[%emt 0:00:02]} 22. fxe5 {[%emt 0:00:10]} Rc1 {[%emt 0:00:02]} 23.
Kf3 {[%emt 0:00:40]} a4 {[%emt 0:00:01]} 24. e4 {[%emt 0:00:10]} a3 {[%emt 0:
00:01]} 25. Bf4 {[%emt 0:00:01]} Rd1 {[%emt 0:00:04]} 26. Ke2 {[%emt 0:00:06]}
a2 {[%emt 0:00:02]} 27. e6 {[%emt 0:00:08]} fxe6 {[%emt 0:00:03]} 28. Nf3 {
[%emt 0:00:05]} a1=Q {[%emt 0:00:03]} 29. Nd2 {[%emt 0:00:01]} Rxd2+ {[%emt 0:
00:02]} 30. Kxd2 {[%emt 0:00:01]} Qd1+ {[%emt 0:00:01]} 31. Ke3 {[%emt 0:00:01]
} Bd4# {[%emt 0:00:02]} 0-1

[Event "Benidorm Satellite preliminary"]
[Site "playchess.com #007036"]
[Date "2009.10.24"]
[Round "3"]
[White "Munchie the 5th"]
[Black "Baby Animals"]
[Result "1-0"]
[WhiteElo "1564"]
[BlackElo "1817"]
[PlyCount "155"]
[EventDate "2009.10.24"]
[EventType "swiss (blitz)"]

1. d4 {[%emt 0:00:01]} d5 {[%emt 0:00:00]} 2. c4 {[%emt 0:00:00]} Nf6 {[%emt 0:
00:00]} 3. cxd5 {[%emt 0:00:02]} Nxd5 {[%emt 0:00:01]} 4. Nc3 {[%emt 0:00:00]}
Nf6 {[%emt 0:00:00]} 5. e4 {[%emt 0:00:02]} e6 {[%emt 0:00:00]} 6. Bc4 {[%emt
0:00:05]} c6 {[%emt 0:00:01]} 7. Nge2 {[%emt 0:00:02]} Be7 {[%emt 0:00:01]} 8.
O-O {[%emt 0:00:01]} Nbd7 {[%emt 0:00:01]} 9. Bf4 {[%emt 0:00:01]} O-O {[%emt
0:00:01]} 10. Qc2 {[%emt 0:00:12]} a6 {[%emt 0:00:04]} 11. Bd3 {[%emt 0:00:02]}
g6 {[%emt 0:00:04]} 12. Qd2 {[%emt 0:00:06]} b5 {[%emt 0:00:03]} 13. a3 {[%emt
0:00:05]} Nh5 {[%emt 0:00:01]} 14. Be3 {[%emt 0:00:08]} e5 {[%emt 0:00:02]} 15.
d5 {[%emt 0:00:03]} c5 {[%emt 0:00:08]} 16. Ng3 {[%emt 0:00:05]} Nxg3 {[%emt 0:
00:02]} 17. hxg3 {[%emt 0:00:01]} c4 {[%emt 0:00:00]} 18. Be2 {[%emt 0:00:01]}
Bd6 {[%emt 0:00:01]} 19. Bf3 {[%emt 0:00:29]} f6 {[%emt 0:00:02]} 20. Rac1 {
[%emt 0:00:05]} f5 {[%emt 0:00:03]} 21. exf5 {[%emt 0:00:03]} Rxf5 {[%emt 0:00:
01]} 22. Bg4 {[%emt 0:00:06]} Rf7 {[%emt 0:00:01]} 23. Bg5 {[%emt 0:00:01]} Be7
{[%emt 0:00:02]} 24. Bxe7 {[%emt 0:00:03]} Qxe7 {[%emt 0:00:01]} 25. Ne4 {
[%emt 0:00:01]} Nf6 {[%emt 0:00:03]} 26. Nxf6+ {[%emt 0:00:18]} Rxf6 {[%emt 0:
00:02]} 27. Bxc8 {[%emt 0:00:06]} Rxc8 {[%emt 0:00:01]} 28. Qg5 {[%emt 0:00:01]
} Rd8 {[%emt 0:00:04]} 29. Rfd1 {[%emt 0:00:05]} Kg7 {[%emt 0:00:01]} 30. Rc3 {
[%emt 0:00:07]} Qf7 {[%emt 0:00:04]} 31. Qxe5 {[%emt 0:00:07]} Kh6 {[%emt 0:00:
01]} 32. Qe3+ {[%emt 0:00:03]} Kg7 {[%emt 0:00:02]} 33. Qe5 {[%emt 0:00:04]}
Kg8 {[%emt 0:00:01]} 34. Rd2 {[%emt 0:00:05]} Rfd6 {[%emt 0:00:02]} 35. Rf3 {
[%emt 0:00:11]} Qg7 {[%emt 0:00:10]} 36. Qxg7+ {[%emt 0:00:02]} Kxg7 {[%emt 0:
00:01]} 37. Re3 {[%emt 0:00:07]} Kf6 {[%emt 0:00:06]} 38. Rde2 {[%emt 0:00:06]}
h5 {[%emt 0:00:04]} 39. Re6+ {[%emt 0:00:02]} Kf7 {[%emt 0:00:01]} 40. Re7+ {
[%emt 0:00:02]} Kf6 {[%emt 0:00:01]} 41. R2e6+ {[%emt 0:00:01]} Rxe6 {[%emt 0:
00:01]} 42. Rxe6+ {[%emt 0:00:01]} Kf5 {[%emt 0:00:03]} 43. Rxa6 {[%emt 0:00:
01]} Rxd5 {[%emt 0:00:01]} 44. Ra5 {[%emt 0:00:01]} Ke4 {[%emt 0:00:06]} 45.
f3+ {[%emt 0:00:02]} Kd3 {[%emt 0:00:02]} 46. a4 {[%emt 0:00:02]} Kc2 {[%emt 0:
00:16]} 47. Rxb5 {[%emt 0:00:06]} Rd3 {[%emt 0:00:10]} 48. Rb4 {[%emt 0:00:10]}
g5 {[%emt 0:00:05]} 49. Rxc4+ {[%emt 0:00:01]} Kxb2 {[%emt 0:00:01]} 50. Rc5 {
[%emt 0:00:01]} h4 {[%emt 0:00:01]} 51. Rxg5 {[%emt 0:00:02]} Rd1+ {[%emt 0:00:
04]} 52. Kh2 {[%emt 0:00:01]} hxg3+ {[%emt 0:00:02]} 53. Rxg3 {[%emt 0:00:00]}
Ra1 {[%emt 0:00:02]} 54. Rg4 {[%emt 0:00:00]} Kc3 {[%emt 0:00:01]} 55. Kg3 {
[%emt 0:00:01]} Kd3 {[%emt 0:00:01]} 56. Re4 {[%emt 0:00:03]} Ra3 {[%emt 0:00:
04]} 57. Kf2 {[%emt 0:00:01]} Kd2 {[%emt 0:00:01]} 58. Re2+ {[%emt 0:00:01]}
Kd1 {[%emt 0:00:01]} 59. Re1+ {[%emt 0:00:01]} Kd2 {[%emt 0:00:01]} 60. Re2+ {
[%emt 0:00:01]} Kd1 {[%emt 0:00:01]} 61. Re4 {[%emt 0:00:01]} Kd2 {[%emt 0:00:
01]} 62. g4 {[%emt 0:00:01]} Kd1 {[%emt 0:00:05]} 63. g5 {[%emt 0:00:01]} Ra2+
{[%emt 0:00:00]} 64. Kg3 {[%emt 0:00:01]} Kd2 {[%emt 0:00:03]} 65. g6 {[%emt 0:
00:01]} Kd3 {[%emt 0:00:02]} 66. g7 {[%emt 0:00:01]} Ra1 {[%emt 0:00:00]} 67.
Kf4 {[%emt 0:00:02]} Rg1 {[%emt 0:00:05]} 68. Re7 {[%emt 0:00:01]} Kd4 {[%emt
0:00:01]} 69. Kf5 {[%emt 0:00:01]} Kc5 {[%emt 0:00:02]} 70. f4 {[%emt 0:00:01]}
Kb4 {[%emt 0:00:01]} 71. Kf6 {[%emt 0:00:00]} Kxa4 {[%emt 0:00:01]} 72. f5 {
[%emt 0:00:01]} Kb5 {[%emt 0:00:01]} 73. Kf7 {[%emt 0:00:00]} Kc6 {[%emt 0:00:
02]} 74. f6 {[%emt 0:00:01]} Kd6 {[%emt 0:00:12]} 75. g8=Q {[%emt 0:00:01]} Rf1
{[%emt 0:00:03]} 76. Qd8+ {[%emt 0:00:02]} Kc5 {[%emt 0:00:01]} 77. Rc7+ {
[%emt 0:00:01]} Kb4 {[%emt 0:00:02]} 78. Qb8+ {[%emt 0:00:00] Baby Animals
resigns} 1-0

[Event "Benidorm Satellite preliminary"]
[Site "playchess.com #007036"]
[Date "2009.10.24"]
[Round "3"]
[White "Thanasis892"]
[Black "Kingsize"]
[Result "1-0"]
[WhiteElo "1921"]
[BlackElo "1406"]
[PlyCount "67"]
[EventDate "2009.10.24"]
[EventType "swiss (blitz)"]

1. e4 {[%emt 0:00:02]} e5 {[%emt 0:00:06]} 2. Nf3 {[%emt 0:00:01]} Nc6 {[%emt
0:00:01]} 3. d4 {[%emt 0:00:02]} exd4 {[%emt 0:00:02]} 4. Nxd4 {[%emt 0:00:01]}
d6 {[%emt 0:00:01]} 5. Nc3 {[%emt 0:00:03]} Be7 {[%emt 0:00:01]} 6. Be3 {[%emt
0:00:05]} Nf6 {[%emt 0:00:01]} 7. f3 {[%emt 0:00:01]} O-O {[%emt 0:00:02]} 8.
Bc4 {[%emt 0:00:02]} Bd7 {[%emt 0:00:04]} 9. O-O {[%emt 0:00:01]} a6 {[%emt 0:
00:01]} 10. a4 {[%emt 0:00:02]} Ne5 {[%emt 0:00:07]} 11. Be2 {[%emt 0:00:04]}
c5 {[%emt 0:00:04]} 12. Nb3 {[%emt 0:00:18]} Rb8 {[%emt 0:00:21]} 13. h3 {
[%emt 0:00:05]} Qc7 {[%emt 0:00:15]} 14. f4 {[%emt 0:00:05]} Nc6 {[%emt 0:00:
09]} 15. g4 {[%emt 0:00:01]} Na5 {[%emt 0:00:43]} 16. Nxa5 {[%emt 0:00:09]}
Qxa5 {[%emt 0:00:02]} 17. g5 {[%emt 0:00:06]} Ne8 {[%emt 0:00:03]} 18. Nd5 {
[%emt 0:00:03]} Qd8 {[%emt 0:00:02]} 19. Bg4 {[%emt 0:00:03]} Bc6 {[%emt 0:00:
06]} 20. h4 {[%emt 0:00:38]} Nc7 {[%emt 0:00:22]} 21. f5 {[%emt 0:00:36]} Nxd5
{[%emt 0:00:16]} 22. exd5 {[%emt 0:00:00]} Bd7 {[%emt 0:00:05]} 23. f6 {[%emt
0:00:06]} gxf6 {[%emt 0:00:03]} 24. gxf6 {[%emt 0:00:03]} Bxf6 {[%emt 0:00:01]}
25. Bxd7 {[%emt 0:00:03]} Kh8 {[%emt 0:00:25]} 26. Bf5 {[%emt 0:00:22]} Bxb2 {
[%emt 0:00:23]} 27. Qh5 {[%emt 0:00:06]} Rg8+ {[%emt 0:00:02]} 28. Kh1 {[%emt
0:00:02]} Rg7 {[%emt 0:00:02]} 29. Rab1 {[%emt 0:00:15] .} Be5 {[%emt 0:00:07]}
30. Rg1 {[%emt 0:00:03]} Qg8 {[%emt 0:00:01]} 31. Bh6 {[%emt 0:00:09]} Re8 {
[%emt 0:00:07]} 32. Bxg7+ {[%emt 0:00:14]} Bxg7 {[%emt 0:00:01]} 33. Qg4 {
[%emt 0:00:04]} Re5 {[%emt 0:00:03]} 34. Bd3 {[%emt 0:00:05] Time} 1-0

[Event "Benidorm Satellite preliminary"]
[Site "playchess.com #007036"]
[Date "2009.10.24"]
[Round "3"]
[White "Aref__gm"]
[Black "Scottramott"]
[Result "1-0"]
[WhiteElo "2294"]
[BlackElo "1796"]
[PlyCount "97"]
[EventDate "2009.10.24"]
[EventType "swiss (blitz)"]

1. e4 {[%emt 0:00:00]} c6 {[%emt 0:00:01]} 2. d4 {[%emt 0:00:01]} d5 {[%emt 0:
00:01]} 3. exd5 {[%emt 0:00:00]} cxd5 {[%emt 0:00:01]} 4. c4 {[%emt 0:00:00]}
Nf6 {[%emt 0:00:01]} 5. Nc3 {[%emt 0:00:00]} e6 {[%emt 0:00:01]} 6. Nf3 {[%emt
0:00:02]} Bb4 {[%emt 0:00:02]} 7. Bd3 {[%emt 0:00:01]} Nc6 {[%emt 0:00:02]} 8.
O-O {[%emt 0:00:02]} Bxc3 {[%emt 0:00:01]} 9. bxc3 {[%emt 0:00:01]} Qa5 {[%emt
0:00:05]} 10. Bd2 {[%emt 0:00:08]} dxc4 {[%emt 0:00:07]} 11. Bxc4 {[%emt 0:00:
01]} b5 {[%emt 0:00:01]} 12. Bd3 {[%emt 0:00:06]} Qb6 {[%emt 0:00:03]} 13. Re1
{[%emt 0:00:03]} O-O {[%emt 0:00:04]} 14. Ne5 {[%emt 0:00:07]} Nxe5 {[%emt 0:
00:04]} 15. dxe5 {[%emt 0:00:18]} Nd5 {[%emt 0:00:01]} 16. Qh5 {[%emt 0:00:43]}
g6 {[%emt 0:00:05]} 17. Qh6 {[%emt 0:00:01]} Qc7 {[%emt 0:00:20]} 18. Re4 {
[%emt 0:00:13]} a6 {[%emt 0:00:09]} 19. Rh4 {[%emt 0:00:01]} f5 {[%emt 0:00:01]
} 20. exf6 {[%emt 0:00:04]} Nxf6 {[%emt 0:00:05]} 21. Bg5 {[%emt 0:00:54]} Qg7
{[%emt 0:00:01]} 22. Qxg7+ {[%emt 0:00:06]} Kxg7 {[%emt 0:00:02]} 23. Bh6+ {
[%emt 0:00:01]} Kg8 {[%emt 0:00:02]} 24. Bxf8 {[%emt 0:00:01]} Kxf8 {[%emt 0:
00:01]} 25. Be4 {[%emt 0:00:05]} Ra7 {[%emt 0:00:03]} 26. Bf3 {[%emt 0:00:03]}
Rd7 {[%emt 0:00:04]} 27. Rd4 {[%emt 0:00:02]} Rc7 {[%emt 0:00:01]} 28. Rd3 {
[%emt 0:00:05]} Ke7 {[%emt 0:00:04]} 29. g3 {[%emt 0:00:02]} h5 {[%emt 0:00:10]
} 30. a4 {[%emt 0:00:01]} bxa4 {[%emt 0:00:04]} 31. Rxa4 {[%emt 0:00:02]} Bd7 {
[%emt 0:00:03]} 32. Rb4 {[%emt 0:00:21]} Bb5 {[%emt 0:00:01]} 33. Re3 {[%emt 0:
00:09]} Kd6 {[%emt 0:00:01]} 34. Rd4+ {[%emt 0:00:06]} Nd5 {[%emt 0:00:03]} 35.
Bxd5 {[%emt 0:00:09]} exd5 {[%emt 0:00:01]} 36. Rf3 {[%emt 0:00:01]} Ke5 {
[%emt 0:00:01]} 37. Re3+ {[%emt 0:00:02]} Kd6 {[%emt 0:00:01]} 38. Rf3 {[%emt
0:00:02]} Ke5 {[%emt 0:00:02]} 39. h4 {[%emt 0:00:01]} a5 {[%emt 0:00:09]} 40.
Re3+ {[%emt 0:00:03]} Kd6 {[%emt 0:00:01]} 41. f4 {[%emt 0:00:01]} a4 {[%emt 0:
00:02]} 42. Rb4 {[%emt 0:00:02]} a3 {[%emt 0:00:03]} 43. Rxb5 {[%emt 0:00:04]}
Ra7 {[%emt 0:00:03]} 44. Re1 {[%emt 0:00:01]} a2 {[%emt 0:00:01]} 45. Ra1 {
[%emt 0:00:00]} Kc6 {[%emt 0:00:01]} 46. Rb2 {[%emt 0:00:01]} Kc5 {[%emt 0:00:
01]} 47. Raxa2 {[%emt 0:00:01]} Rxa2 {[%emt 0:00:04]} 48. Rxa2 {[%emt 0:00:01]}
Kc4 {[%emt 0:00:01] Scottramott gibt auf} 49. Ra5 {[%emt 0:00:02]} 1-0

[Event "Benidorm Satellite preliminary"]
[Site "playchess.com #007036"]
[Date "2009.10.24"]
[Round "3"]
[White "Yoborjamari"]
[Black "Hophip"]
[Result "0-1"]
[WhiteElo "2119"]
[BlackElo "2627"]
[PlyCount "72"]
[EventDate "2009.10.24"]
[EventType "swiss (blitz)"]

1. Nf3 {[%emt 0:00:04]} c5 {[%emt 0:00:01]} 2. g3 {[%emt 0:00:02]} Nc6 {[%emt
0:00:01]} 3. d4 {[%emt 0:00:01]} cxd4 {[%emt 0:00:01]} 4. Nxd4 {[%emt 0:00:01]}
Nf6 {[%emt 0:00:06]} 5. Bg2 {[%emt 0:00:03]} Qb6 {[%emt 0:00:03]} 6. Nb3 {
[%emt 0:00:02]} e6 {[%emt 0:00:01]} 7. O-O {[%emt 0:00:02]} d5 {[%emt 0:00:01]}
8. a4 {[%emt 0:00:05]} Bb4 {[%emt 0:00:06]} 9. Be3 {[%emt 0:00:11]} Qd8 {[%emt
0:00:16]} 10. c4 {[%emt 0:00:31]} O-O {[%emt 0:00:14]} 11. cxd5 {[%emt 0:00:07]
} Nxd5 {[%emt 0:00:00]} 12. Bd2 {[%emt 0:00:02]} e5 {[%emt 0:00:20]} 13. Nc3 {
[%emt 0:00:06]} Nb6 {[%emt 0:00:18]} 14. Nb5 {[%emt 0:00:13]} Bxd2 {[%emt 0:00:
11]} 15. Qxd2 {[%emt 0:00:04]} Qe7 {[%emt 0:00:27]} 16. Qd6 {[%emt 0:00:16]}
Qg5 {[%emt 0:00:48]} 17. h4 {[%emt 0:00:13]} Qh5 {[%emt 0:00:02]} 18. Nc7 {
[%emt 0:00:36]} Rb8 {[%emt 0:00:09]} 19. Nd5 {[%emt 0:00:04]} Be6 {[%emt 0:00:
16]} 20. Nxb6 {[%emt 0:00:04]} axb6 {[%emt 0:00:00]} 21. Nc1 {[%emt 0:00:16]}
Rfd8 {[%emt 0:00:02]} 22. Qa3 {[%emt 0:00:03]} Nd4 {[%emt 0:00:02]} 23. Qd3 {
[%emt 0:00:10]} Rbc8 {[%emt 0:00:14]} 24. Ra3 {[%emt 0:00:02]} Rxc1 {[%emt 0:
00:02]} 25. Rxc1 {[%emt 0:00:05]} Nxe2+ {[%emt 0:00:01]} 26. Kh2 {[%emt 0:00:
02]} Rxd3 {[%emt 0:00:01]} 27. Rxd3 {[%emt 0:00:04]} g5 {[%emt 0:00:02]} 28.
Re1 {[%emt 0:00:15] .} gxh4 {[%emt 0:00:01]} 29. gxh4 {[%emt 0:00:06]} Qxh4+ {
[%emt 0:00:01]} 30. Bh3 {[%emt 0:00:02]} Qxf2+ {[%emt 0:00:01]} 31. Bg2 {[%emt
0:00:01]} Qxe1 {[%emt 0:00:01]} 32. Rd8+ {[%emt 0:00:03]} Kg7 {[%emt 0:00:01]}
33. a5 {[%emt 0:00:03]} Qg3+ {[%emt 0:00:03]} 34. Kh1 {[%emt 0:00:01]} Bh3 {
[%emt 0:00:01]} 35. Rg8+ {[%emt 0:00:06]} Kxg8 {[%emt 0:00:01]} 36. Bxh3 {
[%emt 0:00:03]} Qg1# {[%emt 0:00:00]} 0-1